[Event "Cracovia"]
[Site "Krakow"]
[Date "2006.12.27"]
[Round "1.1"]
[White "Solodovnichenko, Yuri"]
[Black "Strebkovs, Andrejs"]
[Result "1-0"]
[WhiteElo "2574"]
[BlackElo "2210"]
[PlyCount "65"]
[EventDate "2006.??.??"]

1. e4 e6 2. d4 d5 3. e5 c5 4. c3 Qb6 5. Nf3 Nc6 6. a3 Nh6 7. b4 cxd4 8. cxd4
Nf5 9. Bb2 Bd7 10. g4 Nfe7 11. Nc3 Na5 12. Nd2 Rc8 13. Rc1 Ng6 14. h4 Nc4 15.
Nxc4 dxc4 16. h5 Nf4 17. Qd2 Qc6 18. d5 Nxd5 19. Bg2 b5 20. h6 Qb6 21. Nxd5
exd5 22. e6 Qxe6+ 23. Kf1 Qg6 24. Re1+ Kd8 25. Rh5 f5 26. Bxd5 c3 27. Bxc3 Qxg4
28. Be6 Rc7 29. Be5 Rb7 30. Rxf5 Qh3+ 31. Kg1 Qg4+ 32. Bg3 Qg6 33. Rd5 1-0

[Event "Cracovia"]
[Site "Krakow"]
[Date "2006.12.27"]
[Round "1.2"]
[White "Galazewski, Tomasz"]
[Black "Jedynak, Radoslaw"]
[Result "0-1"]
[WhiteElo "2205"]
[BlackElo "2559"]
[PlyCount "94"]
[EventDate "2006.??.??"]

1. e4 c5 2. Nf3 d6 3. d4 cxd4 4. Qxd4 a6 5. c4 Nc6 6. Qd2 g6 7. Nc3 Bh6 8. Qd1
Bg7 9. Be2 Bxc3+ 10. bxc3 Nf6 11. Qc2 O-O 12. h3 Qc7 13. Bh6 Re8 14. Bf4 Ne5
15. Nxe5 dxe5 16. Be3 Be6 17. c5 Qc6 18. O-O Qxe4 19. Qxe4 Nxe4 20. Bf3 Bd5 21.
c4 Bc6 22. Rfe1 Rad8 23. Bxe4 Bxe4 24. c6 Bxc6 25. Bb6 Rd2 26. Rxe5 Rc2 27. c5
e6 28. a3 Re7 29. Rd1 Rd7 30. Rxd7 Bxd7 31. Re3 Bc6 32. Re1 h5 33. Ra1 Rc4 34.
Rd1 Rc3 35. Ra1 Ba4 36. Kf1 f6 37. Re1 Kf7 38. Ra1 h4 39. Kg1 g5 40. Kf1 Kg6
41. Kg1 Kf5 42. Kh2 Kg6 43. Re1 e5 44. Re3 Rc2 45. Rd3 Bc6 46. Kg1 e4 47. Re3
f5 0-1

[Event "Cracovia"]
[Site "Krakow"]
[Date "2006.12.27"]
[Round "1.4"]
[White "Alvarado, Carlos"]
[Black "Malaniuk, Vladimir P"]
[Result "1/2-1/2"]
[WhiteElo "2200"]
[BlackElo "2534"]
[PlyCount "66"]
[EventDate "2006.??.??"]

1. d4 f5 2. g3 Nf6 3. Bg2 g6 4. Nh3 Nc6 5. Nf4 Bg7 6. c3 e5 7. dxe5 Nxe5 8. O-O
c6 9. b3 O-O 10. c4 Re8 11. Bb2 d6 12. Nc3 Nf7 13. h4 Ne4 14. Qc2 Qe7 15. Nxe4
fxe4 16. Bxg7 Kxg7 17. Rad1 Bf5 18. Bh3 Qe5 19. Bxf5 Qxf5 20. Rd4 Re5 21. Qc3
Rae8 22. Rfd1 Kg8 23. Qe3 a6 24. Kg2 R5e7 25. Nh3 h6 26. Qf4 Kg7 27. Qxf5 gxf5
28. Nf4 Rd7 29. Nh5+ Kg6 30. Nf4+ Kf6 31. Nh5+ Kg6 32. Nf4+ Kh7 33. Nh5 Kg6
1/2-1/2

[Event "Cracovia"]
[Site "Krakow"]
[Date "2006.12.27"]
[Round "1.5"]
[White "Hera, Imre Jr"]
[Black "Kalvaitis, Sigitas"]
[Result "1-0"]
[WhiteElo "2510"]
[BlackElo "2199"]
[PlyCount "51"]
[EventDate "2006.??.??"]

1. Nf3 Nf6 2. c4 e6 3. Nc3 d5 4. d4 Be7 5. Bg5 O-O 6. e3 Nbd7 7. Bd3 dxc4 8.
Bxc4 a6 9. a4 c5 10. O-O b6 11. Qe2 Bb7 12. Rfd1 Qc8 13. Rac1 cxd4 14. exd4
Bxf3 15. gxf3 h6 16. Bh4 Qe8 17. Bg3 Nh5 18. f4 Nxg3 19. hxg3 Nf6 20. Bxa6 Qd8
21. Bc4 Bb4 22. d5 exd5 23. Bxd5 Nxd5 24. Nxd5 Bc5 25. Rxc5 Re8 26. Ne3 1-0

[Event "Cracovia"]
[Site "Krakow"]
[Date "2006.12.27"]
[Round "1.6"]
[White "Hagesaether, Ellen"]
[Black "Jakubowski, Krzysztof"]
[Result "0-1"]
[WhiteElo "2193"]
[BlackElo "2497"]
[PlyCount "108"]
[EventDate "2006.??.??"]

1. e4 c5 2. d3 Nc6 3. g3 g6 4. Bg2 Bg7 5. f4 e6 6. Nf3 Nge7 7. Nc3 d6 8. O-O
O-O 9. Be3 Rb8 10. Qd2 Nd4 11. Nd1 b5 12. a3 a5 13. Qf2 Nec6 14. Rc1 b4 15.
axb4 axb4 16. Nd2 Qd7 17. c3 bxc3 18. bxc3 Ba6 19. Nc4 Nb3 20. Rc2 d5 21. exd5
exd5 22. Ra2 Bb5 23. Ne5 Nxe5 24. fxe5 Bxd3 25. Re1 d4 26. cxd4 cxd4 27. Bf4
Bc4 28. Nb2 Be6 29. Nd3 Rfc8 30. Rb2 Rc3 31. Rd1 Rbc8 32. Be4 Bf5 33. Qg2 Bh3
34. Qf2 Bf8 35. Bd2 Nxd2 36. Rbxd2 Be6 37. Kh1 Bb3 38. Rf1 Rc2 39. Nf4 Rxd2 40.
Qxd2 Bg7 41. Rb1 Bc4 42. Rb7 Qd8 43. e6 fxe6 44. h4 e5 45. Nd3 Bd5 46. Qg2 Bxb7
47. Bxb7 Rc3 48. Bd5+ Kh8 49. Be4 Qc8 50. g4 Rc2 51. Qf3 Qf8 52. Qd1 Ra2 53. g5
Qc8 54. Qf3 Qc2 0-1

[Event "Cracovia"]
[Site "Krakow"]
[Date "2006.12.27"]
[Round "1.7"]
[White "Firman, Nazar"]
[Black "Szymanska, Maria"]
[Result "1-0"]
[WhiteElo "2495"]
[BlackElo "2191"]
[PlyCount "97"]
[EventDate "2006.??.??"]

1. e4 e6 2. d4 d5 3. Nc3 Bb4 4. e5 c5 5. a3 Bxc3+ 6. bxc3 Ne7 7. Nf3 Qa5 8. Bd2
Nbc6 9. a4 Bd7 10. h4 f6 11. exf6 gxf6 12. Qc1 O-O-O 13. Qa3 cxd4 14. cxd4 Qc7
15. a5 e5 16. dxe5 fxe5 17. Qc5 Bg4 18. Ra4 h5 19. Ng5 Nd4 20. Qxc7+ Kxc7 21.
f3 Bd7 22. Rxd4 exd4 23. Nf7 Bf5 24. Bf4+ Kc8 25. Kd2 Nc6 26. a6 Nb4 27. Bg5
Rdf8 28. Nxh8 Rxh8 29. Bf6 Rg8 30. Bxd4 Nxc2 31. Bxa7 bxa6 32. g4 hxg4 33. fxg4
Be4 34. Bxa6+ Kc7 35. Rg1 Ra8 36. Bd3 Bxd3 37. Kxd3 Rxa7 38. Kxc2 Ra2+ 39. Kd3
Rh2 40. h5 Kd6 41. Ke3 Ke5 42. Kf3 Rh3+ 43. Kg2 Ra3 44. Rf1 d4 45. h6 d3 46.
Rf8 d2 47. h7 d1=Q 48. h8=Q+ Ke4 49. Qh7+ 1-0

[Event "Cracovia"]
[Site "Krakow"]
[Date "2006.12.27"]
[Round "1.8"]
[White "Karbowiak, Adam"]
[Black "Jakubiec, Artur"]
[Result "0-1"]
[WhiteElo "2191"]
[BlackElo "2488"]
[PlyCount "64"]
[EventDate "2006.??.??"]

1. Nf3 f5 2. d4 Nf6 3. g3 g6 4. Bg2 Bg7 5. O-O O-O 6. b4 c6 7. Bb2 Na6 8. a3
Nc7 9. Nbd2 d6 10. c4 Qe8 11. Qc2 h6 12. a4 g5 13. b5 f4 14. c5 Nfd5 15. cxd6
exd6 16. Nc4 Bf5 17. Qd2 Qe6 18. bxc6 bxc6 19. Ba3 Rad8 20. Rac1 Be4 21. Na5 g4
22. Nxc6 Rde8 23. Rfe1 Ne3 24. fxe3 fxg3 25. hxg3 gxf3 26. exf3 Bxf3 27. d5 Qg6
28. Rf1 Bxg2 29. Rxf8+ Bxf8 30. Qxg2 Rxe3 31. Bb2 Rxg3 32. Rc2 Kh7 0-1

[Event "Cracovia"]
[Site "Krakow"]
[Date "2006.12.27"]
[Round "1.9"]
[White "Shishkin, Vadim"]
[Black "Andersen, Alf Roger"]
[Result "1-0"]
[WhiteElo "2484"]
[BlackElo "2190"]
[PlyCount "75"]
[EventDate "2006.??.??"]

1. d4 f5 2. Nc3 Nf6 3. Bg5 g6 4. Bxf6 exf6 5. e3 b6 6. Qf3 Nc6 7. O-O-O Bb7 8.
h4 Na5 9. d5 a6 10. h5 Rg8 11. hxg6 hxg6 12. Rh7 b5 13. e4 Rg7 14. Rxg7 Bxg7
15. Qg3 g5 16. exf5 Kf7 17. Nf3 Rc8 18. b4 Nc4 19. Bxc4 bxc4 20. Qg4 a5 21. b5
Qf8 22. Qxc4 Qa3+ 23. Kb1 Qb4+ 24. Qb3 Bf8 25. Kb2 Re8 26. a3 Qxb3+ 27. Kxb3
Bd6 28. Nd2 Rh8 29. Nc4 Bc5 30. Ne4 Bf8 31. Nxa5 Ba8 32. Nc4 Rh4 33. f3 Rf4 34.
b6 cxb6 35. Nxb6 Bb7 36. Nxd7 g4 37. Nxf8 Kxf8 38. d6 1-0

[Event "Cracovia"]
[Site "Krakow"]
[Date "2006.12.27"]
[Round "1.10"]
[White "Klykow, Lukasz"]
[Black "Szelag, Marcin"]
[Result "0-1"]
[WhiteElo "2189"]
[BlackElo "2472"]
[PlyCount "52"]
[EventDate "2006.??.??"]

1. e4 c5 2. Nf3 d6 3. d4 cxd4 4. Nxd4 Nf6 5. Nc3 a6 6. Bc4 e6 7. Bb3 b5 8. f4
b4 9. Na4 Nxe4 10. O-O Nf6 11. f5 e5 12. Qf3 Ra7 13. Ne2 Bb7 14. Qg3 Nbd7 15.
Be3 Ra8 16. Rad1 h5 17. Nf4 h4 18. Qg5 exf4 19. Bxf4 Qc7 20. Rfe1+ Ne5 21. Be3
Be7 22. Bb6 Qc6 23. Rxe5 dxe5 24. Qxg7 Rf8 25. Bf2 Rd8 26. Re1 h3 0-1

[Event "Cracovia"]
[Site "Krakow"]
[Date "2006.12.27"]
[Round "1.12"]
[White "Rudnicki, Milosz"]
[Black "Tazbir, Marcin"]
[Result "0-1"]
[WhiteElo "2175"]
[BlackElo "2425"]
[PlyCount "46"]
[EventDate "2006.??.??"]

1. e4 c5 2. Nf3 e6 3. d4 cxd4 4. Nxd4 a6 5. Be3 d6 6. Nc3 Nd7 7. Bc4 Ne5 8. Bb3
Qc7 9. Qe2 b5 10. O-O-O Bd7 11. f4 Nc4 12. Bf2 Rc8 13. Rd3 Nf6 14. g4 b4 15.
Nb1 e5 16. Nf5 Bb5 17. g5 Nd7 18. Rd5 g6 19. Ne3 Ndb6 20. fxe5 Nxe3 21. Qxe3
Nxd5 22. exd6 Nxe3 23. dxc7 Nc4 0-1

[Event "Cracovia"]
[Site "Krakow"]
[Date "2006.12.28"]
[Round "2.1"]
[White "Przybylski, Wojciech"]
[Black "Solodovnichenko, Yuri"]
[Result "1/2-1/2"]
[WhiteElo "2329"]
[BlackElo "2574"]
[PlyCount "83"]
[EventDate "2006.??.??"]

1. e4 c5 2. Nf3 e6 3. d4 cxd4 4. Nxd4 Nf6 5. Nc3 d6 6. Be3 Nc6 7. f3 Be7 8. g4
O-O 9. Qd2 d5 10. g5 Nxd4 11. Qxd4 Nh5 12. f4 b6 13. exd5 Bc5 14. Qd2 exd5 15.
O-O-O Bg4 16. Be2 Bxe3 17. Qxe3 Re8 18. Qf2 Nxf4 19. Qxf4 Bxe2 20. Rxd5 Qc8 21.
Rd2 Qc6 22. Rg1 Bh5 23. Rf1 Rac8 24. h4 Kh8 25. a4 Qe6 26. Kb1 Bg6 27. Qf3 Qc4
28. Rh1 Kg8 29. h5 Be4 30. Nxe4 Qxe4 31. Rf1 Qxf3 32. Rxf3 Re1+ 33. Ka2 Re5 34.
Rd7 Rxg5 35. Rfxf7 Rxc2 36. Rxa7 Rgg2 37. Rfb7 Rxb2+ 38. Ka3 Ra2+ 39. Kb3 Rab2+
40. Ka3 Ra2+ 41. Kb3 Rab2+ 42. Ka3 1/2-1/2

[Event "Cracovia"]
[Site "Krakow"]
[Date "2006.12.28"]
[Round "2.2"]
[White "Jedynak, Radoslaw"]
[Black "Savickas, Airidas"]
[Result "1-0"]
[WhiteElo "2559"]
[BlackElo "2360"]
[PlyCount "77"]
[EventDate "2006.??.??"]

1. d4 Nf6 2. Nf3 g6 3. c4 c5 4. d5 b5 5. cxb5 a6 6. b6 Qxb6 7. Nc3 d6 8. e4 Bg4
9. Qa4+ Bd7 10. Qc2 Bg7 11. Nd2 O-O 12. Be2 Bb5 13. Bf3 Bd7 14. h3 a5 15. a4
Na6 16. Nc4 Nb4 17. Qd1 Qa6 18. Be2 Qb7 19. O-O Ne8 20. Bf4 f5 21. e5 dxe5 22.
Bxe5 Nf6 23. Bf3 Qa6 24. d6 exd6 25. Bxa8 Qxc4 26. Qxd6 Be6 27. Rae1 Ne8 28.
Qe7 Bf7 29. Rd1 Bxe5 30. Qxe5 Nd3 31. Qe2 Nf4 32. Qxc4 Bxc4 33. Rfe1 Nf6 34.
Bf3 Nd3 35. Re2 Rb8 36. Red2 Nxb2 37. Rd8+ Rxd8 38. Rxd8+ Kf7 39. Ra8 1-0

[Event "Cracovia"]
[Site "Krakow"]
[Date "2006.12.28"]
[Round "2.4"]
[White "Panocki, Adrian"]
[Black "Hera, Imre Jr"]
[Result "1-0"]
[WhiteElo "2293"]
[BlackElo "2510"]
[PlyCount "59"]
[EventDate "2006.??.??"]

1. e4 e5 2. Nf3 Nf6 3. Nxe5 d6 4. Nf3 Nxe4 5. Nc3 Nf6 6. d4 Be7 7. Bg5 O-O 8.
Qd2 Bf5 9. O-O-O Nc6 10. Bd3 Bg6 11. Bxg6 hxg6 12. Bxf6 Bxf6 13. h4 d5 14. g4
Qd7 15. Rdg1 Rae8 16. Rg3 a6 17. Kb1 b5 18. g5 Be7 19. h5 Bb4 20. Rgh3 Re4 21.
h6 Rfe8 22. hxg7 Kxg7 23. Rh7+ Kf8 24. Nxe4 Rxe4 25. Qd3 Bd6 26. Rh8+ Ke7 27.
R8h4 Rxh4 28. Nxh4 Kd8 29. Nxg6 fxg6 30. Rh8+ 1-0

[Event "Cracovia"]
[Site "Krakow"]
[Date "2006.12.28"]
[Round "2.6"]
[White "Cherednichenko, Svetlana"]
[Black "Firman, Nazar"]
[Result "0-1"]
[WhiteElo "2273"]
[BlackElo "2495"]
[PlyCount "72"]
[EventDate "2006.??.??"]

1. d4 d6 2. Nf3 Nf6 3. c4 g6 4. Nc3 Bf5 5. e3 Bg7 6. Bd3 Bxd3 7. Qxd3 Nbd7 8.
e4 O-O 9. O-O a6 10. Rb1 c5 11. d5 b5 12. cxb5 axb5 13. Qxb5 Ne8 14. Na4 Nc7
15. Qc4 f5 16. b3 Rb8 17. Bd2 fxe4 18. Ng5 Rf5 19. Qxe4 Nf6 20. Qc4 Nfxd5 21.
g4 Rxg5 22. Bxg5 Rb4 23. Qe2 Qd7 24. h3 Ne6 25. Bd2 Rf4 26. Bxf4 Ndxf4 27. Qf3
Ng5 28. Qa8+ Kf7 29. f3 Qe6 30. Rbe1 Qf6 31. Kh2 Ngxh3 32. Kg3 g5 33. Qc8 Qh6
34. Rxe7+ Kf6 35. Re6+ Nxe6 36. f4 Nhxf4 0-1

[Event "Cracovia"]
[Site "Krakow"]
[Date "2006.12.28"]
[Round "2.7"]
[White "Jakubiec, Artur"]
[Black "Brzeski, Maciej"]
[Result "1-0"]
[WhiteElo "2488"]
[BlackElo "2323"]
[PlyCount "53"]
[EventDate "2006.??.??"]

1. e4 c5 2. d3 Nc6 3. g3 d5 4. Nd2 g6 5. Bg2 Nf6 6. Ngf3 Bg7 7. O-O O-O 8. Re1
b6 9. exd5 Nxd5 10. Nc4 Bb7 11. c3 Qc7 12. a4 Rfd8 13. Qb3 a6 14. Ng5 Rab8 15.
a5 b5 16. Ne3 c4 17. Nxd5 Rxd5 18. dxc4 Nxa5 19. Rxa5 bxc4 20. Qxb7 Rxb7 21.
Rxd5 h6 22. Ne4 Rb5 23. Rdd1 a5 24. Nd2 a4 25. Nb1 Qb8 26. Re2 Re5 27. Bf4 1-0

[Event "Cracovia"]
[Site "Krakow"]
[Date "2006.12.28"]
[Round "2.8"]
[White "Miroslaw, Michal"]
[Black "Shishkin, Vadim"]
[Result "1/2-1/2"]
[WhiteElo "2254"]
[BlackElo "2484"]
[PlyCount "119"]
[EventDate "2006.??.??"]

1. e4 c5 2. Nf3 Nc6 3. d4 cxd4 4. Nxd4 Nf6 5. Nc3 d6 6. Nb3 g6 7. Be2 Bg7 8.
O-O O-O 9. Bg5 b6 10. f4 Bb7 11. Bf3 Na5 12. e5 Bxf3 13. Rxf3 Nxb3 14. axb3
dxe5 15. fxe5 Qxd1+ 16. Rxd1 Ng4 17. Bxe7 Rfc8 18. Bf6 Nxe5 19. Bxe5 Bxe5 20.
Rd7 Rf8 21. g3 a6 22. Nd5 b5 23. c3 a5 24. Ne7+ Kg7 25. Nc6 Bf6 26. Rd6 Bd8 27.
Nxd8 Rfxd8 28. Rb6 Rdb8 29. Rff6 a4 30. bxa4 bxa4 31. Rxb8 Rxb8 32. Ra6 Rxb2
33. Rxa4 Rc2 34. Rc4 f5 35. Rc7+ Kh6 36. h3 g5 37. Rc6+ Kg7 38. Rc7+ Kg6 39.
Rc6+ Kh5 40. Rc5 Kg6 41. Rc6+ Kf7 42. Rc7+ Kf6 43. Rxh7 Rxc3 44. Kf2 Rc2+ 45.
Kf3 Rh2 46. g4 Kg6 47. Kg3 Rd2 48. Ra7 f4+ 49. Kf3 Rd3+ 50. Kg2 Kf6 51. Ra5
Rd2+ 52. Kf3 Rd3+ 53. Kg2 Rg3+ 54. Kh2 Re3 55. Rf5+ Kg6 56. h4 gxh4 57. Rxf4
Kg5 58. Rf8 Kxg4 59. Rg8+ Kf4 60. Rf8+ 1/2-1/2

[Event "Cracovia"]
[Site "Krakow"]
[Date "2006.12.28"]
[Round "2.9"]
[White "Szelag, Marcin"]
[Black "Meyer, Lars A"]
[Result "1-0"]
[WhiteElo "2472"]
[BlackElo "2291"]
[PlyCount "95"]
[EventDate "2006.??.??"]

1. e4 e6 2. d4 d5 3. Nc3 Nf6 4. e5 Nfd7 5. f4 c5 6. Nf3 Nc6 7. Be3 cxd4 8. Nxd4
Bc5 9. Qd2 Bxd4 10. Bxd4 Nxd4 11. Qxd4 Qb6 12. Qxb6 Nxb6 13. a4 Bd7 14. a5 Nc8
15. Nb5 Ke7 16. a6 Rb8 17. Nd4 f6 18. axb7 Rxb7 19. b3 Rf8 20. g3 Nb6 21. Bd3
h6 22. Ke2 Na8 23. Ra5 Nc7 24. Rha1 Ra8 25. Ke3 a6 26. Rc5 Rba7 27. Nc6+ Bxc6
28. Rxc6 a5 29. Ra4 Rb8 30. Rc5 Rba8 31. b4 Rb8 32. Raxa5 Rab7 33. c3 Na8 34.
Rc6 Nb6 35. Ra6 d4+ 36. Kxd4 Rd8+ 37. Ke3 Nd5+ 38. Kd2 Nc7 39. Rcb6 Rxb6 40.
exf6+ gxf6 41. Rxb6 h5 42. c4 h4 43. Rb7 Kd7 44. b5 Kc8 45. Ra7 Kb8 46. b6 Na8
47. c5 Rd5 48. c6 1-0

[Event "Cracovia"]
[Site "Krakow"]
[Date "2006.12.28"]
[Round "2.11"]
[White "Tazbir, Marcin"]
[Black "Rybak, Tomasz"]
[Result "1/2-1/2"]
[WhiteElo "2425"]
[BlackElo "2247"]
[PlyCount "76"]
[EventDate "2006.??.??"]

1. e4 c5 2. Ne2 d6 3. g3 Nc6 4. Bg2 g6 5. c3 Bg7 6. d4 Nf6 7. O-O O-O 8. h3 Qc7
9. Be3 b6 10. Na3 a6 11. d5 Nb8 12. f4 Bb7 13. g4 e6 14. Ng3 exd5 15. exd5 Re8
16. Bf2 h6 17. Nc4 Nbd7 18. g5 hxg5 19. fxg5 Nh7 20. Ne4 Rxe4 21. Bxe4 Nxg5 22.
Bg2 b5 23. Ne3 Re8 24. Qg4 Nh7 25. Kh1 Re5 26. Rae1 Rh5 27. Bg3 Ne5 28. Qd1 Bc8
29. Bxe5 Bxe5 30. Ng4 Bxg4 31. Qxg4 Kg7 32. Kg1 Qd8 33. Qd1 Ng5 34. Re3 Qd7 35.
Qg4 f5 36. Qe2 Kf6 37. Re1 Qc7 38. Qf2 Rh8 1/2-1/2

[Event "Cracovia"]
[Site "Krakow"]
[Date "2006.12.29"]
[Round "3.2"]
[White "Marszalek, Maciej"]
[Black "Jakubowski, Krzysztof"]
[Result "1/2-1/2"]
[WhiteElo "2402"]
[BlackElo "2497"]
[PlyCount "67"]
[EventDate "2006.??.??"]

1. d4 f5 2. g3 Nf6 3. Bg2 d6 4. d5 c6 5. c4 e5 6. dxe6 Bxe6 7. Qc2 g6 8. Nf3
Bg7 9. O-O O-O 10. Nbd2 Na6 11. a3 Nc5 12. b4 Nce4 13. Bb2 Qe7 14. Rad1 Rae8
15. Nxe4 fxe4 16. Bxf6 Qxf6 17. Nd4 e3 18. fxe3 Qe5 19. Rxf8+ Rxf8 20. Nxe6
Qxe3+ 21. Kh1 Qxe6 22. Qd3 Rf2 23. b5 Qxe2 24. Qxe2 Rxe2 25. bxc6 bxc6 26. Bxc6
Be5 27. Rd3 Kg7 28. Bd5 g5 29. h3 h5 30. Bf3 Rc2 31. Bxh5 Rxc4 32. Kg2 Bd4 33.
Bd1 Bc5 34. a4 1/2-1/2

[Event "Cracovia"]
[Site "Krakow"]
[Date "2006.12.29"]
[Round "3.3"]
[White "Firman, Nazar"]
[Black "Kosiorek, Marek"]
[Result "1-0"]
[WhiteElo "2495"]
[BlackElo "2374"]
[PlyCount "67"]
[EventDate "2006.??.??"]

1. e4 c5 2. Nf3 e6 3. d4 cxd4 4. Nxd4 Nf6 5. Nc3 d6 6. Be3 Nc6 7. Qd2 Be7 8. f3
O-O 9. O-O-O d5 10. Bb5 Nxd4 11. Qxd4 a6 12. Be2 dxe4 13. fxe4 Nd7 14. e5 Qa5
15. Bf4 Bc5 16. Qe4 Bb6 17. Bd3 g6 18. h4 Bc7 19. Rde1 Nc5 20. Qf3 Bd7 21. Bh6
Nxd3+ 22. Qxd3 Bc6 23. Qe3 Rfd8 24. Qg5 f5 25. exf6 Qxg5+ 26. Bxg5 Kf7 27. Re2
Rd4 28. Rhe1 Re8 29. Ne4 h6 30. Bxh6 Bxe4 31. Rxe4 Rxe4 32. Rxe4 Kxf6 33. Bg5+
Kf7 34. Rd4 1-0

[Event "Cracovia"]
[Site "Krakow"]
[Date "2006.12.29"]
[Round "3.5"]
[White "Solodovnichenko, Yuri"]
[Black "Panocki, Adrian"]
[Result "1-0"]
[WhiteElo "2574"]
[BlackElo "2293"]
[PlyCount "129"]
[EventDate "2006.??.??"]

1. e4 d6 2. d4 Nf6 3. Nc3 g6 4. Be3 c6 5. h3 b5 6. e5 dxe5 7. dxe5 Qxd1+ 8.
Rxd1 Nfd7 9. f4 Bg7 10. g3 Bb7 11. Bg2 b4 12. Nb5 Kd8 13. Ne2 Kc8 14. Nbd4 c5
15. Bxb7+ Kxb7 16. Nb3 Kc6 17. Kf2 a5 18. a4 bxa3 19. bxa3 a4 20. Nd2 f6 21.
exf6 Nxf6 22. Nc4 Nbd7 23. Nc3 Ng4+ 24. hxg4 Bxc3 25. g5 Bg7 26. Rd3 Nf8 27.
Rb1 Ra6 28. Bd2 Bd4+ 29. Kf3 Ne6 30. Na5+ Kd5 31. Rb7 Nd8 32. Rxe7 Rxa5 33.
Rd7+ Kc6 34. R7xd4 cxd4 35. Bxa5 Ne6 36. Bb4 h6 37. gxh6 Rxh6 38. Rd2 Rh1 39.
Re2 Kd7 40. Re5 Rc1 41. Rd5+ Ke8 42. Rd6 Kf7 43. Rd7+ Kg8 44. Re7 Ng7 45. Ra7
Rxc2 46. Rxa4 Nf5 47. g4 Ne3 48. Ra8+ Kf7 49. Rd8 Rc4 50. Rd7+ Ke6 51. Re7+ Kd5
52. Re5+ Kc6 53. Re6+ Kb5 54. Rxg6 Nc2 55. f5 d3 56. Bd2 Nd4+ 57. Ke3 Nc6 58.
f6 Ne5 59. Rg5 Rc5 60. Rxe5 Rxe5+ 61. Kxd3 Rd5+ 62. Ke3 Re5+ 63. Kf4 Re2 64.
Be3 Re1 65. Ke4 1-0

[Event "Cracovia"]
[Site "Krakow"]
[Date "2006.12.29"]
[Round "3.9"]
[White "Moranda, Wojciech"]
[Black "Miroslaw, Michal"]
[Result "1/2-1/2"]
[WhiteElo "2462"]
[BlackElo "2254"]
[PlyCount "60"]
[EventDate "2006.??.??"]

1. d4 d5 2. c4 e5 3. dxe5 d4 4. e4 Nc6 5. f4 g5 6. f5 Nxe5 7. Nf3 Nxf3+ 8. Qxf3
Bb4+ 9. Bd2 Qe7 10. Bd3 Bd6 11. O-O Be5 12. Na3 c5 13. b4 cxb4 14. Nc2 a5 15.
Rfb1 Bd7 16. a3 b3 17. Rxb3 Bc6 18. Rab1 h5 19. Rb5 Bxb5 20. Rxb5 g4 21. Qf1 b6
22. Bf4 f6 23. Rxb6 Qc7 24. Re6+ Kf8 25. Bxe5 fxe5 26. Qc1 Qg7 27. Rg6 Qe7 28.
Re6 Qg7 29. Rg6 Qe7 30. Re6 Qd8 1/2-1/2

[Event "Cracovia"]
[Site "Krakow"]
[Date "2006.12.29"]
[Round "3.11"]
[White "Rybak, Tomasz"]
[Black "Bulski, Krzysztof"]
[Result "1/2-1/2"]
[WhiteElo "2274"]
[BlackElo "2400"]
[PlyCount "35"]
[EventDate "2006.??.??"]

1. e4 c5 2. Nf3 d6 3. d4 Nf6 4. Nc3 cxd4 5. Nxd4 a6 6. Bc4 e6 7. Bb3 b5 8. O-O
Be7 9. Qf3 Qc7 10. Qg3 Nc6 11. Nxc6 Qxc6 12. Re1 Bb7 13. a3 O-O 14. Bh6 Ne8 15.
Rad1 Kh8 16. Bg5 Bxg5 17. Qxg5 Kg8 18. Rd3 1/2-1/2

[Event "Cracovia"]
[Site "Krakow"]
[Date "2006.12.29"]
[Round "3.12"]
[White "Czerwonski, Aleksander"]
[Black "Klim, Kamil"]
[Result "1-0"]
[WhiteElo "2382"]
[BlackElo "2050"]
[PlyCount "81"]
[EventDate "2006.??.??"]

1. Nf3 c5 2. b3 Nc6 3. Bb2 d6 4. e3 Nf6 5. Be2 g6 6. O-O Bg7 7. c4 e5 8. d3 O-O
9. Nbd2 Qe7 10. a3 Ne8 11. Qc2 g5 12. e4 g4 13. Ne1 h5 14. g3 Bh6 15. Ng2 f5
16. exf5 Bxf5 17. Rae1 Ng7 18. f3 Ne6 19. Nh4 Ncd4 20. Qd1 Qh7 21. Bxd4 Nxd4
22. Ne4 Rad8 23. Kh1 gxf3 24. Bxf3 Bh3 25. Bg2 Bg4 26. Qb1 Qg7 27. Rxf8+ Qxf8
28. Rf1 Qe7 29. Nf6+ Kg7 30. Nxg4 hxg4 31. Qd1 Qg5 32. Bxb7 Rb8 33. Bd5 Rf8 34.
b4 cxb4 35. axb4 Nf5 36. Nxf5+ Rxf5 37. Be6 Rxf1+ 38. Qxf1 Kh8 39. Qe2 Qc1+ 40.
Kg2 Be3 41. Bxg4 1-0

[Event "Cracovia"]
[Site "Krakow"]
[Date "2006.12.30"]
[Round "4.4"]
[White "Tazbir, Marcin"]
[Black "Gritsak, Orest"]
[Result "1/2-1/2"]
[WhiteElo "2425"]
[BlackElo "2542"]
[PlyCount "24"]
[EventDate "2006.??.??"]

1. e4 c5 2. Nf3 Nc6 3. d4 cxd4 4. Nxd4 Qb6 5. Nb3 Nf6 6. Nc3 e6 7. Bd3 d6 8.
Be3 Qc7 9. f4 a6 10. Qe2 b5 11. a3 Bb7 12. O-O Be7 1/2-1/2

[Event "Cracovia"]
[Site "Krakow"]
[Date "2006.12.30"]
[Round "4.7"]
[White "Moranda, Wojciech"]
[Black "Gumula, Daniel"]
[Result "1/2-1/2"]
[WhiteElo "2462"]
[BlackElo "2359"]
[PlyCount "73"]
[EventDate "2006.??.??"]

1. d4 Nf6 2. Nf3 c5 3. c4 e6 4. d5 b5 5. Bg5 h6 6. Bxf6 Qxf6 7. Qc2 bxc4 8. Nc3
Na6 9. a3 g5 10. e4 Bg7 11. Bxc4 Rb8 12. O-O g4 13. Nd2 Nc7 14. Rae1 Qd4 15.
Be2 Rxb2 16. Qxb2 Qxc3 17. Qxc3 Bxc3 18. Rd1 exd5 19. exd5 Bxd2 20. Rxd2 d6 21.
Re1 O-O 22. Bc4 Na8 23. Bb5 Nb6 24. Re7 a6 25. Bf1 Bd7 26. Rb2 Bb5 27. Rd2 c4
28. Rc7 Re8 29. Rd1 Re4 30. f3 gxf3 31. gxf3 Re3 32. Kf2 Rxa3 33. Rb7 Nd7 34.
Bxc4 Ne5 35. Bxb5 Rxf3+ 36. Kg2 axb5 37. Rxb5 1/2-1/2

[Event "Cracovia"]
[Site "Krakow"]
[Date "2006.12.30"]
[Round "4.8"]
[White "Bulski, Krzysztof"]
[Black "Nguyen, Piotr"]
[Result "1/2-1/2"]
[WhiteElo "2400"]
[BlackElo "2211"]
[PlyCount "93"]
[EventDate "2006.??.??"]

1. e4 e6 2. d3 d5 3. Nd2 Nf6 4. Ngf3 Bc5 5. e5 Nfd7 6. c3 f6 7. d4 Bb6 8. Bd3
c5 9. O-O Nc6 10. c4 cxd4 11. cxd5 Ndxe5 12. Nxe5 Nxe5 13. dxe6 Nxd3 14. Qh5+
g6 15. Qb5+ Kf8 16. Qxd3 Bxe6 17. Re1 Qd5 18. Ne4 Kg7 19. Qd2 g5 20. b4 Rhe8
21. Bb2 a5 22. Nc5 axb4 23. Qxd4 Qxd4 24. Bxd4 Bxa2 25. Rec1 b3 26. Nxb3 Bxd4
27. Nxd4 Kg6 28. h3 Bd5 29. Rxa8 Rxa8 30. Rc5 Rd8 31. Nc2 Be4 32. Ne3 Rd6 33.
Rb5 Ra6 34. f3 Bc6 35. Rc5 Ra1+ 36. Kh2 Re1 37. Rc3 Re2 38. Kg1 h5 39. Nc2 Rd2
40. Nb4 Bb5 41. Rc5 Ba6 42. Nxa6 bxa6 43. Ra5 Rd6 44. h4 f5 45. hxg5 Kxg5 46.
Ra4 h4 47. Kh2 1/2-1/2

[Event "Cracovia"]
[Site "Krakow"]
[Date "2006.12.30"]
[Round "4.9"]
[White "Kosiorek, Marek"]
[Black "Galazewski, Tomasz"]
[Result "1/2-1/2"]
[WhiteElo "2374"]
[BlackElo "2205"]
[PlyCount "110"]
[EventDate "2006.??.??"]

1. d4 Nf6 2. c4 e6 3. g3 d5 4. Nf3 Bb4+ 5. Bd2 c5 6. cxd5 exd5 7. Bxb4 cxb4 8.
Ne5 O-O 9. Nd2 Nc6 10. Ndf3 Bf5 11. Bg2 Rc8 12. O-O Qb6 13. Rc1 Qa6 14. Nxc6
Rxc6 15. Rxc6 bxc6 16. Ne5 Nd7 17. Nxd7 Bxd7 18. Qd2 Qxa2 19. Qxb4 Qa6 20. e3
Ra8 21. Qd6 Rd8 22. Qc7 Qb6 23. Qxb6 axb6 24. Ra1 Kf8 25. Ra6 b5 26. Kf1 Ke7
27. Ke1 Kd6 28. Ra7 Be6 29. Kd2 Rc8 30. Bf1 h5 31. h4 Rc7 32. Ra6 Rb7 33. Be2
g6 34. f3 Kc7 35. b4 Rb8 36. e4 Kb7 37. Ra1 Rg8 38. Ke3 g5 39. hxg5 Rxg5 40.
Kf4 f6 41. Rh1 Kc7 42. Rh4 Kd7 43. Bd3 dxe4 44. fxe4 Bg4 45. Rh1 Rg8 46. Ra1
Kd6 47. Ra6 Bc8 48. Ra7 Rg4+ 49. Kf3 h4 50. gxh4 Rxh4 51. Rg7 Rh3+ 52. Rg3 Rh2
53. e5+ fxe5 54. Rg6+ Kd5 55. Rg3 Kd6 1/2-1/2

[Event "Cracovia"]
[Site "Krakow"]
[Date "2006.12.30"]
[Round "5.4"]
[White "Marszalek, Maciej"]
[Black "Malaniuk, Vladimir P"]
[Result "0-1"]
[WhiteElo "2402"]
[BlackElo "2534"]
[PlyCount "100"]
[EventDate "2006.??.??"]

1. d4 f5 2. g3 Nf6 3. Bg2 g6 4. Nd2 Bg7 5. c3 Nc6 6. Qb3 a5 7. a4 d5 8. Nh3 e5
9. dxe5 Nxe5 10. O-O Qe7 11. Nf3 Nc4 12. Nf4 c6 13. h4 Ne4 14. Qc2 O-O 15. Nd4
Qf7 16. b3 Ne5 17. Ba3 Re8 18. Rad1 b6 19. Nd3 Bb7 20. Nxe5 Bxe5 21. e3 c5 22.
Nb5 Bc6 23. c4 Rad8 24. Rfe1 Rd7 25. Bb2 Bxb2 26. Qxb2 Red8 27. Bf1 d4 28. exd4
cxd4 29. Bg2 Qf6 30. Rd3 Kg7 31. Red1 Bxb5 32. axb5 Nc5 33. R3d2 d3 34. Bd5
Qxb2 35. Rxb2 Re8 36. Rbd2 Re2 37. Rxd3 Nxd3 38. Rxd3 Kf6 39. Kf1 Rb2 40. Kg2
h6 41. Rc3 Rd2 42. Kf1 Re7 43. Bf3 Re5 44. Kg2 Ke7 45. g4 Kd6 46. gxf5 Rxf5 47.
Rc1 Kc5 48. Re1 Rf6 49. Re8 Kb4 50. Rb8 Rb2 0-1